Statistics for Country Shapes in the World Map #2 - 45 Second Sprint

Click here to take the quiz!

General Stats

  • This quiz has been taken 71 times
  • The average score is 18 of 20

Answers on the Map

Answers color-coded by a green-red scale on the quiz's map according to % correct below.
 

Answer Stats

country% Correct
Canada
100%
Spain
97%
Finland
95%
Japan
95%
Algeria
94%
Egypt
94%
Iran
94%
Bolivia
92%
Iceland
92%
Ecuador
91%
Indonesia
91%
Yemen
89%
Guyana
86%
Nigeria
83%
South Sudan
83%
Botswana
82%
Vietnam
82%
Greece
77%
Dominican
Republic
74%
Uzbekistan
69%

Score Distribution

Percentile by Number Answered

Percent of People with Each Score

Your Score History

You have not taken this quiz